[Event "XXV Festival A"]
[Site "Porto San Giorgio ITA"]
[Date "2014.08.30"]
[Round "9"]
[White "Albertini, Luca"]
[Black "Calavalle, Giulio"]
[WhiteElo "2159"]
[BlackElo "2209"]
[Result "1-0"]
[PlyCount "69"]
[EventDate "2014.08.22"]

1. d4 c5 2. d5 d6 3. Nc3 g6 4. e4 Bg7 5. Bc4 Nf6 6. Nge2 O-O 7. O-O Nbd7 8. Ng3
Nb6 9. Qe2 Ng4 10. a4 Nxc4 11. Qxc4 e6 12. Qe2 Qh4 13. h3 Nf6 14. Qe3 exd5 15.
exd5 Qb4 16. Qf4 Rd8 17. a5 Bd7 18. Nge4 Nxe4 19. Nxe4 Qd4 20. Nxd6 Qxd5 21. c4
Qc6 22. Qxf7+ Kh8 23. Qd5 Be6 24. Qxe6 Rxd6 25. Qe2 Re8 26. Be3 Bh6 27. Ra3
Rde6 28. Qd2 Bg7 29. Rd3 Re4 30. b3 Kg8 31. Rd6 Qc7 32. Qd5+ Kh8 33. Rd7 Qxa5
34. Qxb7 Qc3 35. Bh6 1-0

[Event "XXV Festival A"]
[Site "Porto San Giorgio ITA"]
[Date "2014.08.30"]
[Round "9"]
[White "Aleksic, Nenad"]
[Black "Seyfried, Claus"]
[WhiteElo "2348"]
[BlackElo "2180"]
[Result "1/2-1/2"]
[PlyCount "67"]
[EventDate "2014.08.22"]

1. e4 e6 2. d4 d5 3. Nc3 Nf6 4. e5 Nfd7 5. Nf3 c5 6. dxc5 Nc6 7. Bf4 Bxc5 8.
Bd3 f6 9. exf6 Nxf6 10. O-O O-O 11. Ne5 g6 12. Qd2 Nh5 13. Nxc6 bxc6 14. Be5
Bd6 15. Rae1 Rb8 16. Na4 Nf4 17. Bxd6 Qxd6 18. Qe3 Re8 19. Qe5 Qxe5 20. Rxe5
Kf7 21. Rfe1 Nxd3 22. cxd3 Ke7 23. b3 Kd6 24. f4 Rb4 25. g3 Rd4 26. Nb2 Bd7 27.
Kf2 c5 28. Ke3 Rb4 29. h4 a5 30. Re2 Reb8 31. Kd2 Re8 32. Ke3 Reb8 33. Kd2 Re8
34. Ke3 1/2-1/2

[Event "XXV Festival A"]
[Site "Porto San Giorgio ITA"]
[Date "2014.08.30"]
[Round "9"]
[White "Bentivegna, Francesco"]
[Black "Godena, Michele"]
[WhiteElo "2302"]
[BlackElo "2513"]
[Result "1/2-1/2"]
[PlyCount "25"]
[EventDate "2014.08.22"]

1. e4 e5 2. Nf3 Nc6 3. Bc4 Bc5 4. b4 Bxb4 5. c3 Be7 6. d4 Na5 7. Bd3 d6 8. dxe5
Nc6 9. exd6 cxd6 10. h3 Nf6 11. O-O Ne5 12. Be2 O-O 13. Nbd2 1/2-1/2

[Event "XXV Festival A"]
[Site "Porto San Giorgio ITA"]
[Date "2014.08.30"]
[Round "9"]
[White "Borgo, Giulio"]
[Black "Ljubisavljevic, Zivojin Z."]
[WhiteElo "2381"]
[BlackElo "2132"]
[Result "1-0"]
[PlyCount "83"]
[EventDate "2014.08.22"]

1. e4 g6 2. d4 Bg7 3. Nf3 d6 4. h3 Nc6 5. Be3 e5 6. dxe5 dxe5 7. Nbd2 h6 8. Bc4
Qe7 9. c3 Nf6 10. b4 b6 11. a4 O-O 12. a5 Be6 13. Qb3 Nh5 14. g3 Rae8 15. Nh4
Kh7 16. Bxe6 Qxe6 17. Qxe6 Rxe6 18. Nc4 f5 19. g4 fxg4 20. hxg4 Nf4 21. O-O-O
Nd4 22. Kb2 c5 23. axb6 axb6 24. Rd2 b5 25. Nxe5 Rxe5 26. cxd4 Rxe4 27. bxc5
Nd5 28. Rh3 Rxg4 29. Nf3 Nf4 30. Rh2 Nd5 31. Ng5+ Kg8 32. Ne6 Rf3 33. Nxg7 Nxe3
34. fxe3 Rxe3 35. c6 Kxg7 36. c7 Re8 37. d5 Rb4+ 38. Kc1 Ra8 39. Ra2 Rf8 40.
Rhf2 Rc4+ 41. Rac2 Rxf2 42. Rxc4 1-0

[Event "XXV Festival A"]
[Site "Porto San Giorgio ITA"]
[Date "2014.08.30"]
[Round "9"]
[White "Bruno, Fabio"]
[Black "Drasko, Milan"]
[WhiteElo "2428"]
[BlackElo "2437"]
[Result "1/2-1/2"]
[PlyCount "21"]
[EventDate "2014.08.22"]

1. d4 e6 2. Nf3 Nf6 3. Bg5 c5 4. e3 Be7 5. c3 b6 6. Nbd2 Bb7 7. Bd3 O-O 8. O-O
Nc6 9. a3 Nd5 10. Bxe7 Ncxe7 11. Qe2 1/2-1/2

[Event "XXV Festival A"]
[Site "Porto San Giorgio ITA"]
[Date "2014.08.30"]
[Round "9"]
[White "Romanishin, Oleg M."]
[Black "Varvaglione, Antonio"]
[WhiteElo "2509"]
[BlackElo "2048"]
[Result "1/2-1/2"]
[PlyCount "79"]
[EventDate "2014.08.22"]

1. Nf3 d6 2. d4 g6 3. g3 Bg7 4. Bg2 Nf6 5. O-O O-O 6. a4 Nbd7 7. a5 a6 8. c4 e5
9. Nc3 Re8 10. e4 exd4 11. Nxd4 Ne5 12. b3 c5 13. Nde2 Nc6 14. Bf4 Nxa5 15. Ra2
Qb6 16. Bxd6 Be6 17. e5 Ng4 18. Na4 Qxb3 19. Qxb3 Nxb3 20. Bxb7 Ra7 21. Bd5
Bxd5 22. cxd5 Bxe5 23. Bxc5 Nxc5 24. Nxc5 Bd6 25. Na4 Nf6 26. Rd1 Rae7 27. Nac3
a5 28. Nb5 Rxe2 29. Rxe2 Rxe2 30. Nxd6 Kf8 31. Ra1 Re5 32. Rxa5 Rxd5 33. Ra8+
Kg7 34. Ra6 Rd2 35. h3 h5 36. Kf1 Rd4 37. Nb5 Rd2 38. Nd6 Rd4 39. Nb5 Rd2 40.
Nd6 1/2-1/2

[Event "XXV Festival A"]
[Site "Porto San Giorgio ITA"]
[Date "2014.08.30"]
[Round "9"]
[White "Rossi, Aldo A."]
[Black "Moroni, Luca jr"]
[WhiteElo "2262"]
[BlackElo "2344"]
[Result "0-1"]
[PlyCount "74"]
[EventDate "2014.08.22"]

1. d4 d5 2. c4 e6 3. Nc3 c6 4. e4 dxe4 5. Nxe4 Nf6 6. Nxf6+ Qxf6 7. Nf3 Bb4+ 8.
Bd2 Bxd2+ 9. Qxd2 Nd7 10. Be2 c5 11. O-O cxd4 12. Nxd4 a6 13. Rac1 O-O 14. Rfd1
Ne5 15. Nf3 Ng6 16. g3 e5 17. Ng5 Qe7 18. Ne4 f5 19. Nc3 Be6 20. Nd5 Qf7 21.
Bh5 Rad8 22. Bxg6 hxg6 23. Qg5 Rd7 24. Rd2 Rc8 25. Nb6 Rxd2 26. Nxc8 Rd4 27.
Ne7+ Kh7 28. f4 Qf6 29. Qxf6 gxf6 30. fxe5 fxe5 31. Nd5 Rd2 32. b4 Rxa2 33. Re1
e4 34. Nf4 Bxc4 35. Rc1 b5 36. Rd1 e3 37. Rd7+ Kh6 0-1

[Event "XXV Festival A"]
[Site "Porto San Giorgio ITA"]
[Date "2014.08.30"]
[Round "9"]
[White "Sonis, Francesco"]
[Black "Vezzosi, Paolo"]
[WhiteElo "2050"]
[BlackElo "2274"]
[Result "1-0"]
[PlyCount "77"]
[EventDate "2014.08.22"]

1. e4 c5 2. c3 d6 3. d4 Nf6 4. Bd3 g6 5. Nf3 Bg7 6. O-O O-O 7. Qe2 Bg4 8. dxc5
dxc5 9. h3 Bxf3 10. Qxf3 Nc6 11. Qe2 e5 12. Be3 Qe7 13. Na3 Nd8 14. Rad1 Ne6
15. g3 h6 16. Nc4 Ng5 17. Bxg5 hxg5 18. Ne3 Qe6 19. Kg2 Qxa2 20. Bc4 Qa5 21.
Ng4 Qc7 22. Nxf6+ Bxf6 23. Qg4 Rad8 24. h4 Qe7 25. h5 Kg7 26. hxg6 fxg6 27. Rh1
Rxd1 28. Rxd1 Rd8 29. Rh1 Kf8 30. Rh6 Qd7 31. Be6 Qd1 32. Qh3 Rd3 33. Bg4 Qa4
34. Bf5 Qd1 35. Bg4 Qe1 36. Bf3 Rd2 37. Qc8+ Bd8 38. Qxc5+ Kg7 39. Rh1 1-0

[Event "XVI Festival A"]
[Site "Trieste ITA"]
[Date "2014.08.30"]
[Round "1"]
[White "Baiocchi, Emanuele"]
[Black "Lyell, Mark"]
[WhiteElo "1870"]
[BlackElo "2202"]
[Result "0-1"]
[PlyCount "62"]
[EventDate "2014.08.30"]

1. e4 e5 2. Nf3 Nc6 3. Bc4 Nf6 4. d3 Be7 5. Nc3 d6 6. h3 Na5 7. Bb3 Nxb3 8.
axb3 O-O 9. O-O Ne8 10. Nh2 f5 11. f4 fxe4 12. dxe4 Nf6 13. Qd3 c6 14. fxe5
dxe5 15. Qc4+ Kh8 16. Be3 Bd7 17. Nf3 b5 18. Qd3 Qc7 19. Ne2 Be6 20. Ng3 Bg8
21. Qc3 b4 22. Qd3 Nd7 23. Qe2 Nc5 24. Ng5 Ne6 25. Qg4 Nf4 26. Bxf4 exf4 27.
Nh5 Qe5 28. Nf3 Qxb2 29. Rab1 Qc3 30. e5 g6 31. Qd7 Qc5+ 0-1

[Event "XVI Festival A"]
[Site "Trieste ITA"]
[Date "2014.08.30"]
[Round "1"]
[White "Barp, Alberto"]
[Black "Altini, Nicola"]
[WhiteElo "2030"]
[BlackElo "2413"]
[Result "1/2-1/2"]
[PlyCount "100"]
[EventDate "2014.08.30"]

1. d4 d5 2. c4 c6 3. Nf3 Nf6 4. Nc3 dxc4 5. a4 Bf5 6. e3 e6 7. Bxc4 Bb4 8. O-O
O-O 9. Qe2 Bg6 10. Bd3 Bh5 11. Rd1 Nbd7 12. e4 e5 13. dxe5 Nxe5 14. Bf4 Bxf3
15. gxf3 Qa5 16. Na2 Ng6 17. Bg3 Nh5 18. Nxb4 Qxb4 19. Qd2 Qe7 20. f4 Rfd8 21.
e5 Nhxf4 22. Bxf4 Rxd3 23. Qxd3 Nxf4 24. Qf5 Nd5 25. Rd3 g6 26. Qe4 Re8 27. Re1
a5 28. b3 Qe6 29. Kh1 f5 30. Qd4 f4 31. f3 Qh3 32. Qe4 Qe6 33. Qd4 Rf8 34. Qc5
b6 35. Qc4 Rf5 36. Qe4 Kg7 37. Qd4 Kh6 38. Qe4 Kg7 39. Qd4 Rg5 40. Rd2 Kh6 41.
Rg2 Rh5 42. Rg4 Rf5 43. Rg2 Kg7 44. Rd2 Rh5 45. Rde2 Kh6 46. Rf2 Rf5 47. Rfe2
Rg5 48. Rg2 Rh5 49. Rg4 Rf5 50. Rg2 Rh5 1/2-1/2

[Event "XVI Festival A"]
[Site "Trieste ITA"]
[Date "2014.08.30"]
[Round "1"]
[White "Cherin, Diego"]
[Black "Franca, Veronika"]
[WhiteElo "2247"]
[BlackElo "1952"]
[Result "1-0"]
[PlyCount "71"]
[EventDate "2014.08.30"]

1. e4 c5 2. Nf3 Nc6 3. d4 cxd4 4. Nxd4 d6 5. Nc3 g6 6. Be3 Bg7 7. Bc4 Nf6 8. f3
O-O 9. Qd2 Bd7 10. O-O-O Rb8 11. Kb1 Na5 12. Be2 b5 13. Ndxb5 a6 14. Nd4 Qc7
15. Nb3 Nc4 16. Bxc4 Qxc4 17. Bd4 Be6 18. g4 Rfc8 19. h4 Qb4 20. Ne2 Qb5 21. g5
Nh5 22. Bxg7 Nxg7 23. Ned4 Qb6 24. f4 Rc5 25. Nxe6 Nxe6 26. h5 Nf8 27. hxg6
fxg6 28. c4 Rc6 29. f5 e6 30. fxe6 Nxe6 31. Qd5 Re8 32. Rdf1 Kg7 33. Rf6 Nd8
34. Rhf1 Qe3 35. Rf7+ Kh8 36. Rf8+ 1-0

[Event "XVI Festival A"]
[Site "Trieste ITA"]
[Date "2014.08.30"]
[Round "1"]
[White "Curione, Francesco"]
[Black "Simoni, Giulio"]
[WhiteElo "2192"]
[BlackElo "1845"]
[Result "1-0"]
[PlyCount "41"]
[EventDate "2014.08.30"]

1. e4 c5 2. Nf3 d6 3. d4 cxd4 4. Nxd4 Nf6 5. Nc3 a6 6. Bd3 e6 7. Qf3 Be7 8. Qg3
O-O 9. Bh6 Ne8 10. h4 Kh8 11. Bg5 f6 12. Be3 Nc6 13. h5 Nb4 14. O-O-O Nxd3+ 15.
Rxd3 Bd7 16. Nde2 e5 17. Nd5 Be6 18. f4 b5 19. f5 Bf7 20. Ng1 Bxd5 21. exd5 1-0

[Event "XVI Festival A"]
[Site "Trieste ITA"]
[Date "2014.08.30"]
[Round "1"]
[White "De Schampheleire, Glen"]
[Black "Samuelli, Daniele"]
[WhiteElo "2307"]
[BlackElo "1975"]
[Result "1-0"]
[PlyCount "41"]
[EventDate "2014.08.30"]

1. d4 Nf6 2. c4 e6 3. g3 Bb4+ 4. Bd2 Qe7 5. Nf3 O-O 6. Bg2 d5 7. O-O Nc6 8. Qb3
a5 9. a3 Bxd2 10. Nbxd2 a4 11. Qc3 Rd8 12. Rfd1 Qe8 13. Qc2 e5 14. dxe5 Nxe5
15. cxd5 Nxd5 16. Nxe5 Qxe5 17. Nc4 Qg5 18. h4 Qh5 19. e4 Qg6 20. Qc1 Bg4 21.
Rxd5 1-0

[Event "XVI Festival A"]
[Site "Trieste ITA"]
[Date "2014.08.30"]
[Round "1"]
[White "Drazic, Sinisa"]
[Black "Santeramo, Alessia Carmen"]
[WhiteElo "2433"]
[BlackElo "2059"]
[Result "0-1"]
[PlyCount "94"]
[EventDate "2014.08.30"]

1. d3 e5 2. Nf3 Nc6 3. c4 Nf6 4. a3 d6 5. Nc3 Be6 6. g3 Qd7 7. Ng5 Bg4 8. h3
Bf5 9. e4 Be6 10. f4 exf4 11. gxf4 h6 12. Nf3 Qe7 13. Qe2 O-O-O 14. Be3 a6 15.
O-O-O g6 16. Rg1 Rg8 17. Nd2 Bg7 18. d4 Bd7 19. Qf2 Rde8 20. Bg2 Nh5 21. Nd5
Qd8 22. Bf3 Nf6 23. e5 Nxd5 24. cxd5 Ne7 25. Nc4 Nf5 26. Bd2 Bb5 27. b3 Bxc4
28. bxc4 Qd7 29. Be4 Qa4 30. Bb4 Qb3 31. Bxf5+ gxf5 32. Qc2 Qxh3 33. c5 dxc5
34. dxc5 Bxe5 35. Rgf1 Rg2 36. Qd3 Bb2+ 37. Kb1 Re3 38. Qc4 Rb3 39. Rh1 Bxa3+
40. Ka1 Bb2+ 41. Kb1 Qg3 42. Bd2 Bg7+ 43. Kc1 Rxd2 44. Rxd2 Rc3+ 45. Rc2 Rxc4
46. Rxc4 Qe3+ 47. Kc2 Qe2+ 0-1

[Event "XVI Festival A"]
[Site "Trieste ITA"]
[Date "2014.08.30"]
[Round "1"]
[White "Eggleston, David J."]
[Black "Hrescak, Ivana"]
[WhiteElo "2398"]
[BlackElo "2020"]
[Result "1-0"]
[PlyCount "121"]
[EventDate "2014.08.30"]

1. e4 c5 2. Nf3 d6 3. d4 cxd4 4. Nxd4 Nf6 5. Nc3 g6 6. Be3 Bg7 7. f3 Nc6 8. Qd2
O-O 9. O-O-O d5 10. exd5 Nxd5 11. Nxc6 bxc6 12. Bd4 Nxc3 13. Qxc3 Bh6+ 14. Be3
Bxe3+ 15. Qxe3 Qa5 16. Bc4 Ba6 17. Bxa6 Qxa6 18. Kb1 Qb7 19. h4 e6 20. h5 Qe7
21. hxg6 fxg6 22. Rhe1 Rad8 23. b3 Rxd1+ 24. Rxd1 Rf5 25. Re1 Kf7 26. g4 Rd5
27. Qc3 c5 28. Rh1 Kg8 29. a4 Qg7 30. Qe3 Qe5 31. Qh6 Qg7 32. Qh2 Qd7 33. Qe2
Rd2 34. Qc4 Qd5 35. Qxd5 Rxd5 36. Kb2 h5 37. Kc3 Kg7 38. Kc4 a6 39. c3 Kf6 40.
gxh5 gxh5 41. b4 cxb4 42. cxb4 Ke7 43. Rg1 Kd6 44. Rg8 Kc7 45. Rg7+ Kc6 46. Re7
Re5 47. a5 Re3 48. Ra7 Rxf3 49. Rxa6+ Kd7 50. Ra7+ Kd6 51. Rh7 Rf4+ 52. Kb5 h4
53. a6 e5 54. a7 Rf8 55. Kb6 e4 56. Rxh4 Kd5 57. Rh7 e3 58. Re7 Kd4 59. b5 Kd3
60. Kb7 e2 61. a8=Q 1-0

[Event "XVI Festival A"]
[Site "Trieste ITA"]
[Date "2014.08.30"]
[Round "1"]
[White "Horvath, Csaba"]
[Black "Larmuseau, Michiel"]
[WhiteElo "2540"]
[BlackElo "2143"]
[Result "1-0"]
[PlyCount "43"]
[EventDate "2014.08.30"]

1. d4 Nf6 2. c4 e6 3. Nf3 c5 4. d5 exd5 5. cxd5 d6 6. e4 a6 7. h3 Qe7 8. Nc3 b5
9. Bd3 Nbd7 10. O-O c4 11. Bc2 g6 12. Nd4 Bb7 13. Nc6 Bxc6 14. dxc6 Nb6 15. Qd4
b4 16. Qxb6 bxc3 17. Ba4 Qe6 18. e5 Nd5 19. c7+ Ke7 20. exd6+ Kf6 21. Qd4+ Qe5
22. Bg5+ 1-0

[Event "XVI Festival A"]
[Site "Trieste ITA"]
[Date "2014.08.30"]
[Round "1"]
[White "Horvath, Jozsef"]
[Black "Makka, Ioulia"]
[WhiteElo "2501"]
[BlackElo "2124"]
[Result "1-0"]
[PlyCount "67"]
[EventDate "2014.08.30"]

1. d4 Nf6 2. Nf3 e6 3. g3 d5 4. Bg2 Be7 5. c4 dxc4 6. Nc3 O-O 7. Ne5 Nbd7 8.
Nxc4 Rb8 9. O-O b6 10. Nb5 a6 11. Na7 Bb7 12. Nc6 Bxc6 13. Bxc6 Nd5 14. Bd2
N7f6 15. Qc2 Nb4 16. Bxb4 Bxb4 17. Rfd1 Nd5 18. Ne5 Bd6 19. Nd7 Qg5 20. Nxb8
Rxb8 21. a3 h5 22. e4 Nf4 23. e5 Be7 24. Qd2 Nh3+ 25. Kg2 Qf5 26. Qe2 Ng5 27.
h4 Qh3+ 28. Kg1 Nh7 29. Rac1 Bd8 30. Qxh5 g6 31. Qe2 Kg7 32. Bg2 Qf5 33. Kh2 g5
34. Be4 1-0

[Event "XVI Festival A"]
[Site "Trieste ITA"]
[Date "2014.08.30"]
[Round "1"]
[White "Jovanic, Ognjen"]
[Black "Vidic, Miha"]
[WhiteElo "2461"]
[BlackElo "2100"]
[Result "1/2-1/2"]
[PlyCount "56"]
[EventDate "2014.08.30"]

1. d4 d5 2. c4 e6 3. Nf3 Nf6 4. Nc3 Be7 5. Bg5 O-O 6. e3 Ne4 7. Bxe7 Qxe7 8.
Rc1 c6 9. Bd3 Nxc3 10. Rxc3 dxc4 11. Bxc4 Nd7 12. Bb3 Rd8 13. Qc2 e5 14. O-O
exd4 15. exd4 Nf8 16. Re1 Be6 17. Qd2 Rd6 18. d5 Qd8 19. Nd4 Bxd5 20. Nf5 Re6
21. Rd3 Qf6 22. Rxe6 Bxe6 23. Nd6 Bxb3 24. axb3 Qe7 25. Nf5 Qf6 26. Nd6 Qe7 27.
Nf5 Qf6 28. Nd6 Qe7 1/2-1/2

[Event "XVI Festival A"]
[Site "Trieste ITA"]
[Date "2014.08.30"]
[Round "1"]
[White "Kolesar, Milan"]
[Black "Sumets, Andrey"]
[WhiteElo "2166"]
[BlackElo "2622"]
[Result "0-1"]
[PlyCount "68"]
[EventDate "2014.08.30"]

1. Nf3 c5 2. c4 Nc6 3. d4 cxd4 4. Nxd4 e5 5. Nc2 Bc5 6. Be3 d6 7. Bxc5 dxc5 8.
Qxd8+ Nxd8 9. Nc3 Ne6 10. Ne3 b6 11. g3 Bb7 12. Bg2 Bxg2 13. Nxg2 O-O-O 14. e3
Nf6 15. Ke2 Rhe8 16. f3 e4 17. f4 a6 18. Rhd1 Rd7 19. Rxd7 Kxd7 20. Rd1+ Kc6
21. h3 b5 22. cxb5+ axb5 23. b3 Nc7 24. g4 Nfd5 25. Nb1 b4 26. f5 Nb5 27. Rd2
Ra8 28. Nf4 Nbc3+ 29. Nxc3 Nxc3+ 30. Ke1 Nxa2 31. Rc2 Nc3 32. Nh5 Ra1+ 33. Kf2
c4 34. bxc4 Nd1+ 0-1

[Event "XVI Festival A"]
[Site "Trieste ITA"]
[Date "2014.08.30"]
[Round "1"]
[White "Larmuseau, Maarten"]
[Black "Blasco, Domenico"]
[WhiteElo "2236"]
[BlackElo "1874"]
[Result "1-0"]
[PlyCount "45"]
[EventDate "2014.08.30"]

1. e4 g6 2. Nc3 Bg7 3. f4 a6 4. Nf3 b5 5. d4 Bb7 6. Bd3 Nf6 7. Qe2 O-O 8. e5
Nd5 9. h4 Nxc3 10. bxc3 e6 11. h5 Nc6 12. hxg6 hxg6 13. Ng5 Ne7 14. Qg4 Nf5 15.
Bxf5 exf5 16. Rh8+ Bxh8 17. Qh3 Qxg5 18. fxg5 Rfe8 19. Ba3 Bg7 20. O-O-O Bf8
21. Bxf8 Kxf8 22. Qh8+ Ke7 23. Qf6+ 1-0

[Event "XVI Festival A"]
[Site "Trieste ITA"]
[Date "2014.08.30"]
[Round "1"]
[White "Ludovici, Roberto"]
[Black "Srebrnic, Vojko"]
[WhiteElo "1835"]
[BlackElo "2191"]
[Result "0-1"]
[PlyCount "60"]
[EventDate "2014.08.30"]

1. d4 Nf6 2. Nf3 e6 3. c4 Bb4+ 4. Bd2 Qe7 5. a3 Bxd2+ 6. Qxd2 d6 7. Nc3 O-O 8.
e4 e5 9. d5 a5 10. Qc2 Bd7 11. Bd3 a4 12. b4 axb3 13. Qxb3 Na6 14. O-O Nc5 15.
Qc2 Nh5 16. Rfd1 Nf4 17. Bf1 Bg4 18. h3 Bxf3 19. gxf3 Qg5+ 20. Kh2 Qh5 21. Kg3
f5 22. Nb5 Rf6 23. exf5 Rxf5 24. Kh2 Nxh3 25. Qxf5 Qxf5 26. Bxh3 Qf4+ 27. Kg2
Rf8 28. Bg4 e4 29. Rd4 Qg5 30. Rh1 Rxf3 0-1

[Event "XVI Festival A"]
[Site "Trieste ITA"]
[Date "2014.08.30"]
[Round "1"]
[White "Plenca, Jadranko"]
[Black "Viola, Enrico"]
[WhiteElo "2184"]
[BlackElo "1821"]
[Result "1-0"]
[PlyCount "83"]
[EventDate "2014.08.30"]

1. e4 c6 2. d4 d5 3. Nc3 dxe4 4. Nxe4 Nf6 5. Ng5 Bf5 6. Bc4 e6 7. Ne2 Be7 8.
O-O O-O 9. Nf3 Nbd7 10. Ng3 Bg6 11. Nh4 c5 12. Nxg6 hxg6 13. dxc5 Ne5 14. Qe2
Qd4 15. Bb3 Nfg4 16. h3 Nf6 17. Rd1 Qxc5 18. Be3 Qa5 19. Bd2 Qc5 20. Ne4 Qc6
21. Bg5 Qxe4 22. Qxe4 Nxe4 23. Bxe7 Rfe8 24. Ba3 Nf6 25. c4 Rac8 26. c5 Red8
27. Rac1 Nc6 28. Ba4 Rd5 29. b4 Rcd8 30. Rxd5 Rxd5 31. b5 Nd4 32. c6 bxc6 33.
bxc6 Rd8 34. c7 Rc8 35. Rc4 Nf5 36. g4 Nh4 37. Bb5 Nd5 38. Bd6 Nb6 39. Rc3 Nd5
40. Rc1 Nf3+ 41. Kg2 Ng5 42. Ba6 1-0

[Event "XVI Festival A"]
[Site "Trieste ITA"]
[Date "2014.08.30"]
[Round "1"]
[White "Pregarac, Valter"]
[Black "Kozul, Zdenko"]
[WhiteElo "2150"]
[BlackElo "2608"]
[Result "0-1"]
[PlyCount "96"]
[EventDate "2014.08.30"]

1. d4 Nf6 2. c4 g6 3. Nc3 Bg7 4. Nf3 O-O 5. Bg5 d6 6. e3 h6 7. Bh4 g5 8. Bg3
Nh5 9. Bd3 e6 10. Nd2 Nxg3 11. hxg3 Nd7 12. Qc2 c5 13. d5 Ne5 14. Be2 exd5 15.
Nxd5 Be6 16. Nf3 Bxd5 17. cxd5 Re8 18. O-O a6 19. a4 Ng4 20. Qf5 Nf6 21. Rfd1
Rb8 22. a5 Re4 23. b3 Qc7 24. Bd3 Rb4 25. Bc4 Re8 26. Ra3 Ne4 27. Nd2 Nc3 28.
Re1 Qd8 29. g4 Re5 30. Qd3 Re7 31. Rc1 Nb5 32. Ra2 Qd7 33. Ra4 Rxa4 34. bxa4
Nc7 35. Rb1 Ne8 36. Ne4 Qxa4 37. Ng3 Qxa5 38. Nf5 Rd7 39. Qe4 Nf6 40. Qf3 Qd8
41. Bd3 b5 42. Ra1 c4 43. Bc2 a5 44. Nd4 Qb6 45. Nxb5 Qxb5 46. Rb1 Qb4 47. Qf5
Rc7 48. Rxb4 axb4 0-1

[Event "XVI Festival A"]
[Site "Trieste ITA"]
[Date "2014.08.30"]
[Round "1"]
[White "Sepehrkhoui, Ardeshir"]
[Black "Dvirnyy, Danyyil"]
[WhiteElo "2134"]
[BlackElo "2530"]
[Result "0-1"]
[PlyCount "90"]
[EventDate "2014.08.30"]

1. Nf3 Nf6 2. c4 c5 3. g3 Nc6 4. Bg2 d5 5. cxd5 Nxd5 6. O-O Nc7 7. b3 e5 8. Bb2
f6 9. Nc3 Be6 10. Rc1 Qd7 11. d3 Rd8 12. Re1 Be7 13. a3 O-O 14. Ne4 Na6 15. Nc3
Rfe8 16. Nd2 Bf8 17. Nde4 Qf7 18. Nd2 Nd4 19. Nce4 Nxb3 20. Rb1 b6 21. Qc2 Nd4
22. Qa4 Nb8 23. e3 Nf5 24. Bf1 Qd7 25. Qc2 Rc8 26. Bc3 Nc6 27. Qb2 Nfe7 28. Qa1
Nd5 29. Bb2 Bf7 30. Red1 Rc7 31. Be2 Rb8 32. Rbc1 Rbc8 33. Kh1 Na5 34. g4 h6
35. Rg1 b5 36. h4 c4 37. d4 exd4 38. Bxd4 b4 39. axb4 Bxb4 40. Qb1 c3 41. Nf3
c2 42. Qb2 Qe7 43. Ng3 Ba3 44. Qb5 Bxc1 45. Rxc1 Qb4 0-1

[Event "XVI Festival A"]
[Site "Trieste ITA"]
[Date "2014.08.30"]
[Round "1"]
[White "Suc, Timothy"]
[Black "Tratar, Marko"]
[WhiteElo "2122"]
[BlackElo "2490"]
[Result "0-1"]
[PlyCount "58"]
[EventDate "2014.08.30"]

1. e4 e6 2. d4 d5 3. Nc3 Nf6 4. Bg5 Bb4 5. e5 h6 6. Be3 Ne4 7. Qg4 Kf8 8. a3
Bxc3+ 9. bxc3 Nxc3 10. Bd3 Bd7 11. Nh3 c5 12. Nf4 Ne4 13. O-O cxd4 14. Bxe4
dxe4 15. Nh5 Rg8 16. Bxd4 Qg5 17. Qe2 Bc6 18. Bc5+ Ke8 19. Bd6 Nd7 20. Ng3 f5
21. Rfd1 Kf7 22. Qc4 Nb6 23. Qb3 Nd5 24. c4 Nf4 25. Bc7 h5 26. h4 Qxh4 27. Nxf5
exf5 28. c5+ Kg6 29. Rd6+ Kh7 0-1

[Event "XVI Festival A"]
[Site "Trieste ITA"]
[Date "2014.08.30"]
[Round "1"]
[White "Tagliaferri, Valerio"]
[Black "Popchev, Milko"]
[WhiteElo "1909"]
[BlackElo "2240"]
[Result "0-1"]
[PlyCount "51"]
[EventDate "2014.08.30"]

1. d4 Nf6 2. c4 c5 3. e3 g6 4. Nc3 Bg7 5. Nf3 O-O 6. Be2 d6 7. O-O Nc6 8. d5
Na5 9. Qc2 e6 10. Bd2 exd5 11. Nxd5 Bf5 12. Nxf6+ Bxf6 13. Qa4 Nc6 14. Qa3 a6
15. Bc3 b5 16. Bxf6 Qxf6 17. Rfd1 Bc2 18. Qc3 Qxc3 19. bxc3 Bxd1 20. Rxd1 Ne5
21. cxb5 axb5 22. Rxd6 Nc4 23. Bxc4 bxc4 24. Kf1 Rxa2 25. Ne5 Rb8 26. Nxc4 0-1

[Event "XVI Festival A"]
[Site "Trieste ITA"]
[Date "2014.08.30"]
[Round "1"]
[White "Vesce, Emanuele"]
[Black "Franciskovic, Borka"]
[WhiteElo "1977"]
[BlackElo "2318"]
[Result "0-1"]
[PlyCount "96"]
[EventDate "2014.08.30"]

1. e4 c6 2. c4 d5 3. exd5 cxd5 4. cxd5 Nf6 5. Nc3 Nxd5 6. Nf3 e6 7. Bc4 Be7 8.
O-O O-O 9. d4 Nc6 10. a3 Nxc3 11. bxc3 b6 12. Bd3 Bb7 13. Re1 Rc8 14. Bb1 Bf6
15. Qd3 g6 16. Bh6 Re8 17. h4 Ne7 18. h5 Qd5 19. hxg6 hxg6 20. Qd2 Qh5 21. Be4
Bxe4 22. Rxe4 Nd5 23. Rc1 Nxc3 24. Rxc3 Rxc3 25. Qxc3 Qxh6 26. Qc7 Kg7 27. Ne5
Re7 28. Qd6 Qc1+ 29. Kh2 Qc7 30. Qb4 Re8 31. g3 Rh8+ 32. Kg2 Qb7 33. f3 Bxe5
34. dxe5 Qd5 35. Re2 Qd1 36. Qe1 Qd3 37. Qd2 Qf5 38. g4 Qb1 39. Re1 Qb3 40. Qf4
Qc2+ 41. Kg1 Qc5+ 42. Kg2 Qxa3 43. Qf6+ Kg8 44. Qd8+ Qf8 45. Qf6 Qh6 46. Qd8+
Kh7 47. Qd6 Kg7 48. Kf2 Qf4 0-1

[Event "XVI Festival A"]
[Site "Trieste ITA"]
[Date "2014.08.30"]
[Round "1"]
[White "Vovk, Andrey"]
[Black "Lodici, Lorenzo"]
[WhiteElo "2614"]
[BlackElo "2150"]
[Result "1-0"]
[PlyCount "69"]
[EventDate "2014.08.30"]

1. e4 c5 2. Nf3 a6 3. Nc3 e6 4. d4 b5 5. dxc5 Bxc5 6. Bd3 Bb7 7. e5 f5 8. a3
Ne7 9. h4 Nbc6 10. h5 Qc7 11. Bf4 Nd4 12. Be2 Nxe2 13. Qxe2 Nd5 14. Bd2 Nxc3
15. Bxc3 Bd5 16. Bb4 a5 17. Bxc5 Qxc5 18. O-O-O b4 19. a4 Bb3 20. g4 fxg4 21.
Ng5 Rc8 22. Rd2 Bc4 23. Qxg4 Qxe5 24. h6 Bd5 25. hxg7 Qxg7 26. Rxd5 exd5 27.
Re1+ Kf8 28. Qf5+ Kg8 29. Qxd5+ Kf8 30. Qd6+ Kg8 31. Rg1 b3 32. Nf3 Rxc2+ 33.
Kd1 Qxg1+ 34. Nxg1 Rxf2 35. Qg3+ 1-0

[Event "XVI Festival A"]
[Site "Trieste ITA"]
[Date "2014.08.30"]
[Round "1"]
[White "Wallis, Christopher"]
[Black "Markocic, Tine"]
[WhiteElo "2348"]
[BlackElo "1981"]
[Result "1-0"]
[PlyCount "103"]
[EventDate "2014.08.30"]

1. d4 Nf6 2. c4 e6 3. Nc3 Bb4 4. e3 c5 5. Nge2 d5 6. a3 Bxc3+ 7. Nxc3 cxd4 8.
exd4 dxc4 9. Bxc4 Nc6 10. Be3 O-O 11. O-O h6 12. d5 exd5 13. Nxd5 Be6 14. Nxf6+
Qxf6 15. Bxe6 Qxe6 16. Qa4 a6 17. Rac1 b5 18. Qf4 Rac8 19. Rc5 Rfe8 20. Rfc1
Na5 21. Rxc8 Rxc8 22. Rxc8+ Qxc8 23. h3 Nc4 24. Bd4 Qe6 25. Qg4 Qxg4 26. hxg4
f6 27. f3 Kf7 28. Kf2 Ke6 29. Ke2 Kd5 30. Bc3 Ne5 31. b3 g5 32. Ke3 Nd7 33. Bb4
Ke5 34. g3 Kd5 35. Kd3 Ne5+ 36. Ke3 Nd7 37. f4 Nc5 38. Bc3 Nd7 39. Bd4 a5 40.
Kd3 Nc5+ 41. Ke3 Nd7 42. a4 bxa4 43. bxa4 Ke6 44. Ke4 Nb8 45. f5+ Ke7 46. Kd5
Nd7 47. Kc6 Kd8 48. Kb5 Kc7 49. Kxa5 Kc6 50. Bb2 Kd5 51. Kb5 Ke4 52. a5 1-0

[Event "XVI Festival A"]
[Site "Trieste ITA"]
[Date "2014.08.30"]
[Round "1"]
[White "Zamar Kodelja, Jurij"]
[Black "Mazi, Leon"]
[WhiteElo "2013"]
[BlackElo "2361"]
[Result "0-1"]
[PlyCount "86"]
[EventDate "2014.08.30"]

1. d4 Nf6 2. c4 d6 3. Nc3 e5 4. dxe5 dxe5 5. Qxd8+ Kxd8 6. Nf3 Nfd7 7. Ng5 Ke8
8. g3 Nb6 9. e4 f6 10. Nf3 Bg4 11. Nd2 c6 12. Be2 Be6 13. O-O Bb4 14. Rb1 N8d7
15. Kg2 Rd8 16. f4 exf4 17. gxf4 Nc5 18. Nb3 Bxc4 19. Bxc4 Nxc4 20. Nxc5 Bxc5
21. b3 Nd2 22. Bxd2 Rxd2+ 23. Kg3 Kf7 24. Rbd1 Rhd8 25. Rxd2 Rxd2 26. Rd1 Rxd1
27. Nxd1 Bd4 28. Kf3 Ke6 29. Ke2 g5 30. Ne3 Bxe3 31. Kxe3 gxf4+ 32. Kxf4 c5 33.
a4 b6 34. h3 a6 35. Kg4 b5 36. Kf4 h6 37. a5 h5 38. h4 c4 39. bxc4 bxc4 40. Kf3
Kd6 41. Ke2 Kc5 42. Ke3 Kb4 43. Kd2 Kxa5 0-1